Normal view
MARC view
Entry Topical Term
001 - CONTROL NUMBER
- control field: 4930
003 - CONTROL NUMBER IDENTIFIER
- control field: OSt
005 - DATE AND TIME OF LATEST TRANSACTION
- control field: 20190429160440.0
008 - FIXED-LENGTH DATA ELEMENTS
- fixed length control field: 190429|| aca||aabn | a|a d
040 ## - CATALOGING SOURCE
- Original cataloging agency: OSt
- Transcribing agency: OSt
150 ## - HEADING--TOPICAL TERM
- Topical term or geographic name entry element: Employment
670 ## - SOURCE DATA FOUND
- Source citation: Work cat.: (OSt): Bhattacharyya, Arundhati 4929, MGNREGS and rural employment: a study of the changes in the lives of the beneficiaries in North 24 Parganas, 2018
